000 00906nam a2200253 4500
005 20160610115716.0
008 851213s1985 ve a b 000 0 spa
040 _aDLC
_cDLC
_dDLC
_dCO-BoIAVH
041 0 _aspa
044 _ave
082 0 4 _a593.4
_bD27e
100 1 _aDíaz, Humberto
_eautor
245 1 0 _aEsponjas en manglares del Parque Nacional Morrocoy /
_cHumberto Díaz, Marina Bevilacqua y David Bone.
260 _a[Caracas] :
_bFondo Editorial Acta Científica Venezolana,
_c[1985].
300 _a62 páginas :
_bilustraciones (algunas a color) ;
_c23 x 16 cm.
504 _aIncluye referencias bibliográficas: páginas 61-62.
650 1 6 _aEsponjas
650 2 6 _aMangles
650 2 4 _aManglares
662 _aVenezuela
_bParque Nacional Morrocoy
700 1 _aBevilacqua, Marina
_eautora
700 1 _aBone, David
_eautora
942 _2ddc
_cLIBRO
999 _c2986
_d2986